| 000 | 00576nam a22001817a 4500 | ||
|---|---|---|---|
| 005 | 20170623153930.0 | ||
| 010 | _aENG-118925 | ||
| 020 |
_a9789386288370 _c380.00 |
||
| 035 | _aEN-102457 | ||
| 037 | _bDBAD/PUB | ||
| 082 | _a327 | ||
| 100 | _aKumar, Chanchal | ||
| 245 |
_aUnderstanding global politics / _cby Chanchal Kumar, Lunghtuiyang Riamei [and] Sanju Gupta |
||
| 260 |
_aNew Delhi _bKW Publishers _c2017 |
||
| 270 | _a4676/21, First Floor, Ansari Road Daryaganj, New Delhi-110002 | ||
| 300 |
_axi,378p _c24cm.(pbk) |
||
| 942 |
_2ddc _cEN _h327 _mKUM |
||
| 999 |
_c141980 _d141980 |
||